Inukjuak Airport Destinations (Inukjuak, Canada) - Statistics

General Stats
  • This quiz has been taken 6 times
    5 since last reset
  • The average score is 3 of 8
Answer Stats
Airline Destination % Correct
Air Inuit Montreal (Trudeau)
100%
Air Inuit Akulivik
50%
Air Inuit Kuujjuaq
25%
Air Inuit Kuujjuarapik
25%
Air Inuit Puvirnituq
25%
Air Inuit Salluit
25%
Air Inuit Umiujaq
25%
Air Inuit Ivujivik
0%
No matching quizzes found
Score Distribution
Percent of People with Each Score
Percentile by Number Answered
Your Score History
You have not taken this quiz since the last reset